<?xml version="1.0" encoding="UTF-8"?>
<collection xmlns="http://www.loc.gov/MARC21/slim">
 <record>
  <leader>03895nam a2200373 a 4500</leader>
  <controlfield tag="001">kal2670</controlfield>
  <controlfield tag="003">Gr-AtHEAL</controlfield>
  <controlfield tag="005">20160421085642.0</controlfield>
  <controlfield tag="006">m        d        </controlfield>
  <controlfield tag="008">160413s2015    gr      s           gre|c</controlfield>
  <datafield tag="020" ind1=" " ind2=" ">
   <subfield code="a">9789606031359</subfield>
  </datafield>
  <datafield tag="040" ind1=" " ind2=" ">
   <subfield code="a">GR-AtHEAL</subfield>
   <subfield code="b">gre</subfield>
   <subfield code="c">GR-AtHEAL</subfield>
  </datafield>
  <datafield tag="082" ind1="0" ind2="4">
   <subfield code="a">630</subfield>
   <subfield code="2">23</subfield>
  </datafield>
  <datafield tag="100" ind1="1" ind2=" ">
   <subfield code="a">Φούντας, Σπυρίδων.</subfield>
   <subfield code="8">123</subfield>
  </datafield>
  <datafield tag="245" ind1="1" ind2="0">
   <subfield code="a">Γεωργία ακριβείας</subfield>
   <subfield code="h">[Ηλεκτρονικός πόρος] </subfield>
   <subfield code="b">Τεχνολογίες, εφαρμογές, προοπτικές</subfield>
   <subfield code="c">Φούντας, Σπυρίδων ;  Γεμτος, Θεοφάνης ;  Κριτικός αναγνώστης, Κατσούλας, Νικόλαος ; Τεχνική επιμέλεια,Σταυρουλάκης, Πέτρος ;  Γλωσσική επιμέλεια, Τσιαδήμου, Αναστασία.</subfield>
  </datafield>
  <datafield tag="260" ind1=" " ind2=" ">
   <subfield code="a">Αθήνα :</subfield>
   <subfield code="b">Σύνδεσμος Ελληνικών Ακαδημαϊκών Βιβλιοθηκών,</subfield>
   <subfield code="c">c2015.</subfield>
  </datafield>
  <datafield tag="490" ind1=" " ind2=" ">
   <subfield code="a">Ακαδημαϊκά Ηλεκτρονικά Συγγράμματα και Βοηθήματα Κάλλιπος</subfield>
   <subfield code="8">40</subfield>
  </datafield>
  <datafield tag="520" ind1=" " ind2=" ">
   <subfield code="a">Το βιβλίο αυτό καλύπτει τον ραγδαία ανερχόμενο κλάδο της Γεωργίας Ακριβείας, που ενώ έχει ενσωματωθεί στα περισσότερα προγράμματα σπουδών των Ευρωπαϊκών και Αμερικάνικων Πανεπιστημίων, στην Ελλάδα υπάρχει κενό από άποψη Πανεπιστημιακού συγγράμματος προσαρμοσμένο τόσο στης ανάγκες των φοιτητών της Φυτικής Παραγωγής όσο και της Γεωργικής Μηχανικής. Συγκεκριμένο σύγγραμμα θα αναπτύξει τη θεωρία, τις τεχνολογίες, τη διαχείριση, την οικονομικότητα, την περιβαλλοντική αποτύπωση καθώς και τις εφαρμογές της Γεωργίας Ακριβείας τόσο διεθνώς όσο και στην Ελλάδα. Στα πλαίσια αυτού του βιβλίου θα υπάρχει ένα ξεχωριστό κεφάλαιο για τις εφαρμογές της τηλεπισκόπισης για τη γεωργία ακριβείας καθώς και οι εφαρμογές της ρομποτικής στη γεωργία.</subfield>
  </datafield>
  <datafield tag="650" ind1=" " ind2="0">
   <subfield code="a">Precision farming</subfield>
   <subfield code="8">1932</subfield>
  </datafield>
  <datafield tag="653" ind1=" " ind2=" ">
   <subfield code="a">Παγκόσμιο σύστημα προσδιορισμού θέσης</subfield>
  </datafield>
  <datafield tag="653" ind1=" " ind2=" ">
   <subfield code="a">Ρομποτικά οχήματα στη γεωργία,</subfield>
  </datafield>
  <datafield tag="653" ind1=" " ind2=" ">
   <subfield code="a">Παρακολούθηση καλλιεργειών</subfield>
  </datafield>
  <datafield tag="653" ind1=" " ind2=" ">
   <subfield code="a">Αισθητήρες μέτρησης παραγωγής</subfield>
  </datafield>
  <datafield tag="653" ind1=" " ind2=" ">
   <subfield code="a">Γεωγραφικά πληροφοριακά συστήματα</subfield>
  </datafield>
  <datafield tag="653" ind1=" " ind2=" ">
   <subfield code="a">Μεταβλητές εφαρμογές εισροών</subfield>
  </datafield>
  <datafield tag="653" ind1=" " ind2=" ">
   <subfield code="a">Γεωπονικές επιστήμες</subfield>
   <subfield code="a">Επιστήμη των φυτών και φυτικά προϊόντα</subfield>
   <subfield code="a">Φυτική παραγωγή</subfield>
  </datafield>
  <datafield tag="653" ind1=" " ind2=" ">
   <subfield code="a">Γεωπονικές επιστήμες</subfield>
   <subfield code="a">Έρευνα, τεχνολογία και μηχανική (Γεωπονικές επιστήμες)</subfield>
   <subfield code="a">Γεωργική μηχανική</subfield>
  </datafield>
  <datafield tag="700" ind1="1" ind2=" ">
   <subfield code="a">Γέμτος, Θεοφάνης</subfield>
   <subfield code="e">Συγγραφέας</subfield>
   <subfield code="8">126</subfield>
  </datafield>
  <datafield tag="700" ind1="1" ind2=" ">
   <subfield code="a">Κατσούλας, Νικόλαος</subfield>
   <subfield code="e">Κριτικός αναγνώστης</subfield>
   <subfield code="8">127</subfield>
  </datafield>
  <datafield tag="856" ind1="4" ind2="0">
   <subfield code="u">http://hdl.handle.net/11419/2670</subfield>
   <subfield code="z">Πλήρες Κείμενο - Full text</subfield>
  </datafield>
  <datafield tag="907" ind1=" " ind2=" ">
   <subfield code="a">.b25680948</subfield>
   <subfield code="b">12-06-18</subfield>
   <subfield code="c">29-07-16</subfield>
  </datafield>
  <datafield tag="949" ind1=" " ind2=" ">
   <subfield code="0">0</subfield>
   <subfield code="1">0</subfield>
   <subfield code="2">ddc</subfield>
   <subfield code="4">0</subfield>
   <subfield code="6">630_000000000000000_ΦΟΥ</subfield>
   <subfield code="7">0</subfield>
   <subfield code="8">KALL</subfield>
   <subfield code="8">853</subfield>
   <subfield code="d">2016-04-13</subfield>
   <subfield code="r">2016-04-13</subfield>
   <subfield code="w">2016-04-13</subfield>
   <subfield code="z">630 ΦΟΥ</subfield>
   <subfield code="o">SEAB KALLIPOS</subfield>
  </datafield>
  <datafield tag="998" ind1=" " ind2=" ">
   <subfield code="a">80</subfield>
   <subfield code="a">01</subfield>
   <subfield code="a">02</subfield>
   <subfield code="a">03</subfield>
   <subfield code="a">04</subfield>
   <subfield code="a">05</subfield>
   <subfield code="a">06</subfield>
   <subfield code="a">07</subfield>
   <subfield code="a">08</subfield>
   <subfield code="a">09</subfield>
   <subfield code="a">10</subfield>
   <subfield code="a">11</subfield>
   <subfield code="a">12</subfield>
   <subfield code="a">13</subfield>
   <subfield code="a">14</subfield>
   <subfield code="a">15</subfield>
   <subfield code="a">16</subfield>
   <subfield code="a">17</subfield>
   <subfield code="a">18</subfield>
   <subfield code="a">19</subfield>
   <subfield code="a">20</subfield>
   <subfield code="a">21</subfield>
   <subfield code="a">22</subfield>
   <subfield code="a">23</subfield>
   <subfield code="a">24</subfield>
   <subfield code="a">25</subfield>
   <subfield code="a">26</subfield>
   <subfield code="b">22-05-17</subfield>
   <subfield code="c">m</subfield>
   <subfield code="d">z  </subfield>
   <subfield code="e">-</subfield>
   <subfield code="f">gre</subfield>
   <subfield code="g">gr </subfield>
   <subfield code="h">0</subfield>
  </datafield>
  <datafield tag="942" ind1=" " ind2=" ">
   <subfield code="2">ddc</subfield>
   <subfield code="c">KALLIPOS</subfield>
  </datafield>
 </record>
</collection>
